Normal view
MARC view
- Pavements, Concrete
Entry Topical Term
001 - CONTROL NUMBER
- control field: 43818
003 - CONTROL NUMBER IDENTIFIER
- control field: NUST
005 - DATE AND TIME OF LATEST TRANSACTION
- control field: 20210314132804.0
008 - FIXED-LENGTH DATA ELEMENTS
- fixed length control field: 210314|| aca||aabn | a|a d
040 ## - CATALOGING SOURCE
- Original cataloging agency: NUST
- Transcribing agency: NUST
150 ## - HEADING--TOPICAL TERM
- Topical term or geographic name entry element: Pavements, Concrete
- General subdivision: Inspection
670 ## - SOURCE DATA FOUND
- Source citation: Work cat.: (NUST): Portland Cement Association. 20051, Concrete pavement inspector's manual, 1949.
